[Event "Orsha blitz op"]
[Site "Orsha"]
[Date "2019.01.19"]
[Round "2"]
[White "Rozenblit, David"]
[Black "Yashmetov, Mikhail"]
[Result "0-1"]
[WhiteElo "1802"]
[BlackElo "2375"]
[PlyCount "104"]
[EventDate "2019.01.19"]
[EventType "swiss (blitz)"]
[EventRounds "10"]
[EventCountry "BLR"]
[SourceTitle "CBM 189 Extra"]
[Source "ChessBase"]
[SourceDate "2019.06.03"]
[SourceVersion "1"]
[SourceVersionDate "2019.06.03"]
[SourceQuality "1"]

1. e4 g6 2. d4 Bg7 3. Nc3 d5 4. exd5 Nf6 5. Bc4 0-0 6. Nge2 Nbd7 7. Bb3 Nb6 8. 0-0 Nbxd5 9. Nxd5 Nxd5 10. c3 c6 11. Nf4 Nf6 12. Re1 Bf5 13. h3 Qd6 14. Be3 Rad8 15. Qe2 e5 16. dxe5 Qxe5 17. Rad1 Bh6 18. Nd3 Bxd3 19. Rxd3 Rxd3 20. Qxd3 Bxe3 21. Rxe3 Qf4 22. Rf3 Qe5 23. Rg3 Kg7 24. Re3 Qg5 25. Qe2 Rd8 26. Re7 Nd5 27. Bxd5 Rxd5 28. Rxb7 Rd2 29. Qf3 Qd5 30. Qxd5 cxd5 31. Kf1 a5 32. Ke1 Rc2 33. a4 Kf6 34. g3 h5 35. Rb5 Ke6 36. Rxa5 Rxb2 37. Ra7 Rc2 38. Rc7 d4 39. Kd1 Rxf2 40. cxd4 Kd5 41. Rd7+ Ke4 42. a5 Ra2 43. Rxf7 Rxa5 44. Rf4+ Kd3 45. Ke1 Ke3 46. Kd1 Rg5 47. Rf8 Rxg3 48. d5 Ke4 49. d6 Rxh3 50. d7 Rd3+ 51. Kc1 Rxd7 52. Rg8 Kf5 0-1